000
00318nam a2200121Ia 4500
005
20251222144910.0
008
251222s9999||||xx |||||||||||||| ||spa||
082
_a
869.56/Ñ13C
100
_a
Cortés Espinoza, Juan Félix
245
0
_a
Un Poeta de Nuestro Tiempo
264
_b
Julio César Nunja Bartolo
942
_c
LIB
999
_c
22313
_d
22313